| 000 | 01016nam a22002417a 4500 | ||
|---|---|---|---|
| 003 | OSt | ||
| 005 | 20250820084558.0 | ||
| 008 | 231023b ||||| |||| 00| 0 eng d | ||
| 040 | _c0 | ||
| 082 | _aDPer 155.205 J826 January-March 2020 v. 118 n. 1-3 | ||
| 100 |
_aZlatev, Julian J. _eauthor. _949792 |
||
| 245 |
_aBeing "good" or "good enough" : _bprosocial risk and the structure of moral self-regard / _cJulian J. Zlatev, Daniella M. Kupor, Kristin Laurin, and Dale T. Miller |
||
| 260 |
_aWashington ; _bAmerican Psychological Association , _cFebruary 2020. |
||
| 300 |
_avolume 118, pages 242-253 : _billustration ; _c28 cm. |
||
| 500 | _aJournal of Personality and Social Psychology, v. 118, no. 2, pages 242-253, February 2020. | ||
| 650 |
_aEthics. _949793 |
||
| 650 |
_aRisk. _949794 |
||
| 700 |
_aZlatev, Julian J. _eauthor. _949792 |
||
| 700 |
_aKupor, Daniella M. _eauthor. _949795 |
||
| 700 |
_aLaurin, Kristin. _eauthor. _949796 |
||
| 700 |
_aMiller, Dale T. _eauthor. _949797 |
||
| 942 |
_2ddc _cPER |
||
| 999 |
_c18380 _d18380 |
||